Normal view MARC view
  • Sarda N Tran

Entry Personal Name

Number of records used in: 1

001 - CONTROL NUMBER

  • control field: 23548

003 - CONTROL NUMBER IDENTIFIER

  • control field: OSt

005 - DATE AND TIME OF LATEST TRANSACTION

  • control field: 20220803172159.0

008 - FIXED-LENGTH DATA ELEMENTS

  • fixed length control field: 220803|| aca||aabn | a|a d

040 ## - CATALOGING SOURCE

  • Original cataloging agency: OSt
  • Transcribing agency: OSt

100 ## - HEADING--PERSONAL NAME

  • Personal name: Sarda N Tran

670 ## - SOURCE DATA FOUND

  • Source citation: Work cat.: (OSt)15039: Bhatevara P Ed. 23546, Ajachi Stri Aani Apan Atmanirbhar Kase Vhal, 2011